000 00454nam a22001457a 4500
020 _qPB.
040 _cFIZZA ISHAQ
082 _a690
_bEMM
100 _aEmmitt, S
_9132585
245 _aBarrys Introduction To Construction Of Buildings /
_cS Emmitt.
250 _a4TH ED.
260 _a Hoboken, New Jersey, USA (and sometimes listed as Chichester, UK) :
_b Wiley Blackwell,
_c2019.
300 _a752 P. ;
_c‎ 7 x 1.25 x 9.75 inches
942 _2ddc
_cBK
999 _c615700
_d615700